Statistics for Geography - Countries by Numbers #4

Click here to take the quiz!

General Stats

  • This quiz has been taken 5,495 times
  • The average score is 36 of 45

Answer Stats

HintAnswer% Correct
Scotland
95%
4 Countries that make up the United KingdomEngland
94%
Wales
94%
France
93%
France
93%
Austria
91%
Iran
90%
8 Countries that border the Persian GulfIran
90%
Poland
90%
5 Countries that border the Caspian SeaRussia
90%
Switzerland
90%
6 Countries through which the Mekong flowsChina
88%
Belgium
87%
9 Countries that border GermanyDenmark
87%
Iraq
87%
Netherlands
87%
Northern Ireland
87%
Saudi Arabia
85%
7 Countries that claim land on AntarcticaUnited Kingdom
85%
Vietnam
85%
Indonesia
83%
Laos
83%
Oman
83%
United Arab Emirates
83%
Cambodia
82%
Thailand
82%
Czech Republic
81%
Kuwait
81%
Luxembourg
81%
3 Countries with land on BorneoMalaysia
81%
Qatar
80%
Australia
76%
Bahrain
75%
Myanmar
75%
Argentina
74%
Brunei
71%
Turkmenistan
70%
Kazakhstan
69%
Chile
68%
New Zealand
68%
Azerbaijan
67%
2 Countries that are doubly landlockedUzbekistan
66%
1 Country with a capital city starting with ZCroatia
63%
Norway
58%
Liechtenstein
56%

Score Distribution

Percentile by Number Answered

Percent of People with Each Score

Your Score History

You have not taken this quiz